Normal view
MARC view
Entry Topical Term
001 - CONTROL NUMBER
- control field: 21685
003 - CONTROL NUMBER IDENTIFIER
- control field: dpl
005 - DATE AND TIME OF LATEST TRANSACTION
- control field: 20100925152127.0
008 - FIXED-LENGTH DATA ELEMENTS
- fixed length control field: 100925|||a|||||| | ||| d
040 ## - CATALOGING SOURCE
- Original cataloging agency: dpl
- Transcribing agency: dpl
150 ## - HEADING--TOPICAL TERM
- Topical term or geographic name as entry element: Songs, Hindi
- Form subdivision: Texts.
670 ## - SOURCE DATA FOUND
- Source citation: Work cat.: (dpl)35722: Gulazāra 21683, 100 lyrics /, 2009
670 ## - SOURCE DATA FOUND
- Source citation: Work cat.: (dpl)35722: Gulazāra 21683, 100 lyrics /, 2009
